Plantations and protected areas in sustainable forestry. (Record no. 8021)

MARC details
000 -LEADER
fixed length control field 00550nam a22001937a 4500
003 - CONTROL NUMBER IDENTIFIER
control field OSt
005 - DATE AND TIME OF LATEST TRANSACTION
control field 20220831112718.0
008 - FIXED-LENGTH DATA ELEMENTS--GENERAL INFORMATION
fixed length control field 220831b ||||| |||| 00| 0 eng d
020 ## - INTERNATIONAL STANDARD BOOK NUMBER
International Standard Book Number 1560221399
040 ## - CATALOGING SOURCE
Transcribing agency ddc
082 ## - DEWEY DECIMAL CLASSIFICATION NUMBER
Classification number 633 PLA 2005
100 ## - MAIN ENTRY--PERSONAL NAME
Personal name William C. Price; Naureen Rana
9 (RLIN) 16312
245 ## - TITLE STATEMENT
Title Plantations and protected areas in sustainable forestry.
260 ## - PUBLICATION, DISTRIBUTION, ETC. (IMPRINT)
Place of publication, distribution, etc. Haworth:
Name of publisher, distributor, etc. Food pruduction press;
Date of publication, distribution, etc. 2005
300 ## - PHYSICAL DESCRIPTION
Extent 156;
Dimensions 24cm
504 ## - BIBLIOGRAPHY, ETC. NOTE
Bibliography, etc Index included.
650 ## - SUBJECT ADDED ENTRY--TOPICAL TERM
Topical term or geographic name as entry element Plantations and protected areas.
9 (RLIN) 16313
942 ## - ADDED ENTRY ELEMENTS (KOHA)
Source of classification or shelving scheme Dewey Decimal Classification
Koha item type Book
Holdings
Withdrawn status Lost status Source of classification or shelving scheme Damaged status Not for loan Home library Current library Date acquired Source of acquisition Inventory number Total Checkouts Full call number Barcode Date last seen Price effective from Koha item type
    Dewey Decimal Classification     MUST Main Library Faculty of Interdisciplinary Studies Library 31/08/2022 Purchase 22/41934   633 PLA 2005 2022-7970 31/08/2022 31/08/2022 Book
    Dewey Decimal Classification     MUST Main Library Faculty of Interdisciplinary Studies Library 31/08/2022   22/41935   633 PLA 2005 2022-7971 31/08/2022 31/08/2022 Book